000
00289nam a22001217a 4500
008
181023b xxu||||| |||| 00| 0 eng d
041
_a
eng
080
_a
371
100
_a
46
101
_a
EDU
245
_a
A Community of Writers A Workshop Course in Writing
_c
Elbow,P
942
_2
udc
_c
BK
999
_c
50736
_d
50736